| 000 | 00572nam a2200217Ia 4500 | ||
|---|---|---|---|
| 003 | OSt | ||
| 005 | 20220928141432.0 | ||
| 006 | a|||||r|||| 00| 0 | ||
| 007 | ta | ||
| 008 | 220927b |||||||| |||| 00| 0 eng d | ||
| 024 | _a14966 | ||
| 037 | _cAnnuals, Advances | ||
| 040 |
_aSDCL _cSDCL _beng |
||
| 041 |
_2eng _aeng |
||
| 082 | _aO-(Y15),2:g, N6 | ||
| 100 |
_aKeyssar Helene Ed. _9426958 |
||
| 245 | 0 | _aFeminist Theatre and theory. | |
| 260 | _c1996 | ||
| 942 |
_hO-(Y15),2:g, N6 _cREF _2CC |
||
| 999 |
_c817375 _d817375 |
||